| 000 | 01477nam a2200265 a 4500 | ||
|---|---|---|---|
| 001 | 000021445 | ||
| 005 | 20240508073815.0 | ||
| 008 | 100908s2011 dr acd grn 001 0dspa d | ||
| 020 | _a9789945074345 | ||
| 040 |
_aDO-SdBNP _bspa _cBNPHU |
||
| 082 |
_a972.93053 _bL256yo, 2011 |
||
| 100 | 1 |
_aLandestoy, Carmita, _b1880-1988 _944737 |
|
| 245 | 1 | 0 |
_a¡Yo también acuso! : _bRafael Leónidas Trujillo tirano de la República Dominicana / _cCarmita Landestoy ; edición al cuidado de Tomás Castro Burdiéz. |
| 250 | _a4a. ed. | ||
| 300 |
_a279p. : _bil., gráfcs., retrs. ; _c25 cm. |
||
| 490 | 1 |
_aArchivo General de la Nación _v41 |
|
| 500 | _aIncluye índice | ||
| 505 | 0 |
_gCarmita Landestoy: una mujer contra la dictadura de Trujillo / _rAlejandro Paulino Ramos -- _tA manera de prólogo -- _tPor qué escribo este libro -- _tConsideraciones generales acerca de las dictaduras en América -- _tTiranía de Trujillo en la República Dominicana -- _tEl progreso material -- _tLos monopolios de Trujillo y sus familiares -- _t¿En qué leyes se apoya Trujillo para permanecer en el poder? _tLa filosofía de Trujillo. |
|
| 590 | _aInventariado, 2019/BT | ||
| 650 | 4 |
_aPersecuciones políticas _xRepública dominicana _944738 |
|
| 651 | 4 |
_aRepública Dominicana _xPolítica Y Gobierno _yERA DE TRUJILLO, 1930-1961 _91374 |
|
| 700 | 1 |
_aPaulino Ramos, Alejandro, _d1951- _epról. _9325 |
|
| 700 |
_aCastro, Tomás, _d1959- _b1959-, _eed. _924641 |
||
| 910 | _aValidado. Control de calidad. EMS | ||
| 999 |
_c20945 _d20945 |
||